[Event "Astrakhan Region-ch"]
[Site "Astrakhan"]
[Date "2012.10.17"]
[Round "5"]
[White "Khakimov, Ildar"]
[Black "Marchenko, Nikolay"]
[Result "1/2-1/2"]
[WhiteElo "1995"]
[BlackElo "1843"]
[PlyCount "84"]
[EventDate "2012.10.13"]
[EventType "swiss"]
[EventRounds "9"]
[EventCountry "RUS"]
[SourceTitle "EXT 2023"]
[Source "ChessBase"]
[SourceDate "2022.10.05"]
[SourceVersion "1"]
[SourceVersionDate "2022.10.05"]
[SourceQuality "1"]

1. e4 c5 2. Nf3 d6 3. Bb5+ Bd7 4. Bxd7+ Nxd7 5. 0-0 Ngf6 6. Re1 g6 7. c3 Bg7 8. d4 e5 9. Na3 0-0 10. Nc4 Qc7 11. dxe5 dxe5 12. a4 Rfd8 13. Qe2 b6 14. Bg5 h6 15. Bh4 a6 16. Rad1 Re8 17. Qd3 Rad8 18. Ne3 Qb7 19. Nd5 g5 20. Bg3 Nxd5 21. Qxd5 Qxd5 22. Rxd5 g4 23. Red1 gxf3 24. Rxd7 Rxd7 25. Rxd7 fxg2 26. Rd5 c4 27. Rd6 Re6 28. Rd8+ Kh7 29. Rc8 b5 30. axb5 axb5 31. Rb8 Rc6 32. Rxb5 f6 33. Kxg2 Kg6 34. f4 exf4 35. Bxf4 Bf8 36. Kf3 Bd6 37. Bxd6 Rxd6 38. Rb4 Rd2 39. h3 Rd3+ 40. Kg2 Rd2+ 41. Kf3 Rd3+ 42. Kg2 Rd2+ 1/2-1/2

[Event "Astrakhan Region-ch"]
[Site "Astrakhan"]
[Date "2012.10.16"]
[Round "4"]
[White "Ektova, Elena"]
[Black "Khakimov, Ildar"]
[Result "1/2-1/2"]
[WhiteElo "1806"]
[BlackElo "1995"]
[PlyCount "26"]
[EventDate "2012.10.13"]
[EventType "swiss"]
[EventRounds "9"]
[EventCountry "RUS"]
[SourceTitle "EXT 2023"]
[Source "ChessBase"]
[SourceDate "2022.10.05"]
[SourceVersion "1"]
[SourceVersionDate "2022.10.05"]
[SourceQuality "1"]

1. d4 d5 2. c4 e6 3. Nc3 Nf6 4. Nf3 c6 5. cxd5 exd5 6. Bg5 Be7 7. e3 Ne4 8. Nxe4 dxe4 9. Bxe7 Qxe7 10. Ne5 Nd7 11. Nxd7 Qb4+ 12. Qd2 Qxd2+ 13. Kxd2 Bxd7 1/2-1/2

[Event "Astrakhan Region-ch"]
[Site "Astrakhan"]
[Date "2012.10.15"]
[Round "3"]
[White "Khakimov, Ildar"]
[Black "Akhmedzhanov, Kamil"]
[Result "0-1"]
[WhiteElo "1995"]
[BlackElo "2286"]
[PlyCount "66"]
[EventDate "2012.10.13"]
[EventType "swiss"]
[EventRounds "9"]
[EventCountry "RUS"]
[SourceTitle "EXT 2023"]
[Source "ChessBase"]
[SourceDate "2022.10.05"]
[SourceVersion "1"]
[SourceVersionDate "2022.10.05"]
[SourceQuality "1"]

1. e4 c5 2. Nf3 e6 3. g3 d5 4. exd5 exd5 5. d4 Nc6 6. Bg2 Bg4 7. dxc5 Bxc5 8. 0-0 Nge7 9. Nc3 Qd7 10. Re1 0-0 11. Na4 Bd6 12. Be3 Rad8 13. c3 Qf5 14. Bc5 b5 15. Bxd6 Rxd6 16. Nc5 Rf6 17. Re3 Qh5 18. Qd3 Bxf3 19. Bxf3 Rxf3 20. Rxf3 Ne5 21. g4 Qxg4+ 22. Rg3 Nxd3 23. Rxg4 Nxc5 24. Re1 Re8 25. b3 f5 26. Rd4 Kf7 27. c4 bxc4 28. bxc4 Ne6 29. Rd2 d4 30. Re5 Rc8 31. c5 Kf6 32. Rde2 Rc6 33. f4 Ng6 0-1

[Event "Astrakhan op"]
[Site "Astrakhan"]
[Date "2011.08.23"]
[Round "7.16"]
[White "Khakimov, Ildar"]
[Black "Belova, Svetlana"]
[Result "1-0"]
[WhiteElo "1981"]
[BlackElo "1659"]
[PlyCount "33"]
[EventDate "2011.08.17"]
[EventType "swiss"]
[EventRounds "9"]
[EventCountry "RUS"]
[SourceTitle "EXT 2022"]
[Source "ChessBase"]
[SourceDate "2021.10.06"]
[SourceVersion "1"]
[SourceVersionDate "2021.10.06"]
[SourceQuality "1"]

1. d4 Nf6 2. c4 g6 3. Nc3 Bg7 4. e4 d6 5. f3 0-0 6. Be3 e5 7. Nge2 Na6 8. Qd2 Re8 9. 0-0-0 b6 10. g4 Rb8 11. h4 exd4 12. Nxd4 Bb7 13. h5 Nd7 14. hxg6 fxg6 15. c5 dxc5 16. Bc4+ Kh8 17. Rxh7+ 1-0